| 000 | 01092cam a22002651i 4500 | ||
|---|---|---|---|
| 003 | SA-RiAUC | ||
| 005 | 20251019125542.0 | ||
| 008 | 251013s1992 su g 00000 ara c | ||
| 040 |
_aSA-RiAUC _bara _cSA-RiAUC _erda |
||
| 050 | 4 | _b.T89 1992 | |
| 082 | 0 | 4 |
_a259 _qSA-RiAUC |
| 090 |
_a259 _bت و ي |
||
| 100 | 1 |
_aالتويجري، حمود بن عبد الله بن حمود، _d1334-1413 هجري _eمؤلف. |
|
| 245 | 1 | 0 |
_aتغليظ الملام على المتسرعين إلى الفتيا وتغيير الأحكام / _cبقلم حمود بن عبد الله بن حمود التويجري. |
| 250 | _aالطبعة الأولى. | ||
| 264 | 1 |
_aالرياض : _bدار الصميعي للتوزيع والنشر، _c1992 |
|
| 300 |
_a120 صفحة ؛ _c24 سم |
||
| 336 |
_aنص _btxt _2rdacontent _3كتاب |
||
| 337 |
_aبدون وسيط _bn _2rdamedia |
||
| 338 |
_aمجلد _bnc _2rdacarrier |
||
| 650 | 7 |
_aالفقه الإسلامي _2aucsh |
|
| 650 | 7 |
_aالوعظ والإرشاد _2aucsh |
|
| 942 |
_2ddc _cBOOK _n0 |
||
| 949 |
_aSA-JeALM _d251013 _umohamedma123 _n1 |
||
| 999 |
_c12586 _d12586 |
||